Die zeitliche Dimension des Rechts : historische Rechtsforschung und geschichtliche Rechtwissenschaft /
Saved in:
| Other Authors: | |
|---|---|
| Format: | Book |
| Language: | German |
| Published: |
Paderborn :
Ferdinand Schöningh,
2005.
|
| Series: | Rechts- und staatswissenschaftliche Veröffentlichungen der Görres-Gesellschaft ;
Bd. 112. |
| Subjects: | |
| Tags: |
Add Tag
No Tags, Be the first to tag this record!
|
| LEADER | 02590nam a2200301 a 4500 | ||
|---|---|---|---|
| 001 | 009727798-3 | ||
| 005 | 20060927163740.0 | ||
| 008 | 060817s2005 gw b 100|0 ger d | ||
| 020 | |z 3506713455 | ||
| 035 | 0 | |a ocm60800821 | |
| 040 | |a PU-L |c PU-L |d MH-L | ||
| 043 | |a e------ | ||
| 050 | 4 | |a KJC395 |b .Z45x 2005 | |
| 245 | 0 | 4 | |a Die zeitliche Dimension des Rechts : |b historische Rechtsforschung und geschichtliche Rechtwissenschaft / |c herausgegeben von Louis Pahlow. |
| 260 | |a Paderborn : |b Ferdinand Schöningh, |c 2005. | ||
| 300 | |a 306 p. : |c 24 cm. | ||
| 490 | 1 | |a Rechts-und staatswissenschaftliche Veröffentlichungen der Görres-Gesellschaft ; |v Bd. 112 | |
| 500 | |a Proceedings of a conference held in Marburg, Germany, June 14-15, 2003. | ||
| 504 | |a Includes bibliographical references. | ||
| 505 | 0 | |a Historische Rechtsforschung und geschichtliche Rechtswissenschaft. Zur Einführung / Louis Pahlow -- Blicke über den Gartenzaun. Von der Beziehung der Rechtsgeschichte zu ihren hisorischen Nachbarwissenschaften / Pio Caroni -- Geschichtswissenschaft und Rechtsgeschichte / Christof Dipper -- Juristische Quellen des NS-Staates. Zur Methodik rechtsgeschichtlicher Forschung zum Nationalsozialismus / Michael Wagner-Kern -- Schule vor Gericht. Die juristischen Auseinandersetzungen um das kurhessische Bildungswesen im 19. Jahrhundert / Sylvia Kesper-Biermann -- Gesetzgebung und Einzelhaft im 19. Jahrhundert. Die ersten deutschen Gesetze zum Strafvollzug in Baden und Bayern / Martina Henze -- Kodifikationsgedanke und deutsche Rechtseinheit in der ersten Hälfte des 19. Jahrhunderts / Claudia Schöler --, Fraught with the accumulated wisdom of ages" -- William Blackstone und die klassische Common Law Theorie / Michael Zwanzger -- Die Gesundheit im Dienste der Staatsraison. Zur Theorie der Medizinalpolizei im 18. und 19. Jahrhundert / Caren Möller --, Volkskörper" und Recht. Zur Diskussion französischer bevölkerungspolitischer Gesetze bei Hans Harmsen vor 1933 / Petra Overath -- Monopole oder freier Wettbewerb? Die Bedeutung des, Licenzzwangs" für die Reichspatentgesetzgebung 1876/77 / Louis Pahlow -- Mondpreise und Schnäppchen. Eine juristische Zeitgeschichte des Rabattgesetzes / Gudrun Lies-Benachib. | |
| 650 | 0 | |a Jurisprudence |z Europe |x History. | |
| 650 | 0 | |a Jurisprudence |z Germany |x History |v Congresses. | |
| 655 | 7 | |a Conference proceedings. |2 fast | |
| 655 | 7 | |a History. |2 fast | |
| 700 | 1 | |a Pahlow, Louis, |d 1970- | |
| 830 | 0 | |a Rechts- und staatswissenschaftliche Veröffentlichungen der Görres-Gesellschaft ; |v Bd. 112. | |
| 988 | |a 20050803 | ||
| 906 | |0 OCLC | ||


